|
|
|
|
| LEADER |
00000nam0a2200000 4500 |
| 001 |
295221 |
| 005 |
20231102000803.0 |
| 020 |
|
|
|a RU
|b 84-18602
|
| 035 |
|
|
|a (RuTPU)RU\TPU\book\320298
|
| 090 |
|
|
|a 295221
|
| 100 |
|
|
|a 20150521d1983 k y0rusy5003 ca
|
| 101 |
0 |
|
|a rus
|
| 102 |
|
|
|a UA
|
| 105 |
|
|
|a a z 001zy
|
| 200 |
1 |
|
|a Приближенные и качественные методы теории дифференциально-функциональных уравнений
|e сборник научных трудов
|f Академия наук Украинской ССР (АН УССР), Институт математики ; под ред. А. Н. Шарковского
|
| 210 |
|
|
|a Киев
|c Изд-во Института математики АН УССР
|d 1983
|
| 215 |
|
|
|a 138 с.
|c граф.
|
| 320 |
|
|
|a Библиография в конце статей
|
| 606 |
1 |
|
|a Дифференциальные уравнения
|x Качественная теория
|2 stltpush
|3 (RuTPU)RU\TPU\subj\9696
|9 36878
|
| 610 |
0 |
|
|a приближенные методы
|
| 610 |
1 |
|
|a решения
|
| 610 |
1 |
|
|a дифференциально-функциональные уравнения
|
| 610 |
1 |
|
|a гладкие динамические системы
|
| 610 |
1 |
|
|a нелинейные уравнения
|
| 610 |
1 |
|
|a дифференциально-разностные уравнения
|
| 610 |
1 |
|
|a векторные функции Ляпунова
|
| 675 |
|
|
|a 517.91
|z rus
|v 3
|
| 702 |
|
1 |
|a Шарковский
|b А. Н.
|g Александр Николаевич
|4 340
|
| 712 |
0 |
2 |
|a Академия наук Украинской ССР (АН УССР)
|b Институт математики
|2 stltpush
|3 (RuTPU)RU\TPU\col\11281
|
| 801 |
|
0 |
|a RU
|b RuMRKP
|c 19950704
|g psbo
|
| 801 |
|
1 |
|a RU
|b 63413507
|c 20150521
|
| 801 |
|
2 |
|a RU
|b 63413507
|c 20181112
|g RCR
|
| 942 |
|
|
|c BK
|